000 00932nam0a2200277 4500
001 RU\NLR\ONL2\16764
005 20250613131516.0
010 _a978-5-94587-299-8
_92000
035 _a(NLR Aleph) 009664349
090 _a9629244
_c9629244
100 _a20100219d2008 |||y0rusy50 ca
101 0 _ache
102 _aRU
105 _ay |||||||||
200 1 _aМаргIале хатта
_eдийцарш, очеркаш, статьяш
_fЯхъяев Хъасамби
210 _aСоьлжа-ГIала
_cЯхъяев Х. К.
_d2008
215 _a142,[1] с.
_d21
541 1 _aСпроси у прошлого
_eрассказы, очерки, статьи
_zrus
686 1 _aШ6(2=Че)7-4
700 1 _aЯхъяев
_bХ. К.
_gХасамби Кааевич
_4070
801 0 _aRU
_bNLR
_c20100219
_gPSBO
852 _aNLR
_bОНЛ
_jЧеч./3-809
942 _cBOOK
980 _aNB
980 _aONL_RF